000 00623nam a22001937a 4500
999 _c20410
_d20410
003 BDDh-ASL
005 20231015025902.0
008 210109s1988 ii ||||| |||| 00| 0 eng d
040 _cBDDh-ASL
082 _a297.09
_bPAE
100 1 _92665
_aPaul, Harendrechandra
245 1 4 _aThe Epilogue /
260 _aCalcutta:
_bM. I. G. Housing Estate,
_c1988.
300 _a744 p.:
_c22 cm.
504 _aInclude Bibliographical References and Index
650 0 _aReligion, ধর্ম, Dharma, faith, creed, law, worship, property, আস্তিকতা, দীন
_92606
650 0 _91652
_aIslam
942 _2ddc
_cBK